[Event "World Rapid Women 2021"]
[Site "Warsaw POL"]
[Date "2021.12.26"]
[Round "1.1"]
[White "Doluhanova, Evgeniya"]
[Black "Lagno, Kateryna"]
[Result "0-1"]
[WhiteTitle "WGM"]
[BlackTitle "GM"]
[WhiteElo "2264"]
[BlackElo "2550"]
[WhiteFideId "14112035"]
[BlackFideId "14109336"]
[EventDate "2021.12.26"]

1. d4 Nf6 2. Nf3 g6 3. Nbd2 d5 4. b4 Bg7 5. e3 a5 6. b5 c5 7. bxc6 Nxc6 8. c4
O-O 9. Be2 dxc4 10. Nxc4 b5 11. Nce5 Bb7 12. O-O b4 13. a3 Ne4 14. Bb2 Rc8 15.
Nxc6 Bxc6 16. axb4 axb4 17. Qb3 Bd5 18. Qxb4 Rb8 19. Qa3 Rb3 20. Qa2 Rxe3 21.
Bc4 Bxc4 22. Qxc4 Rxf3 23. gxf3 Nd2 24. Qd3 Nxf1 25. Kxf1 Qb8 26. Bc3 Qxh2 27.
Ra7 Qd6 28. Qe4 Bf6 29. Kg2 Kg7 30. Rb7 Rc8 31. Bb4 Qxd4 32. Bxe7 Qe5 33. Ba3
Qxe4 34. fxe4 Rc2 35. Bd6 Bd4 36. Bg3 g5 37. Rd7 Bb2 38. Rd5 f6 39. Kf3 h5 40.
Rd7+ Kg6 41. Rd8 Rc3+ 42. Kg2 h4 43. Bb8 Rb3 44. Bc7 Bc1 45. Rd1 Rc3 46. Bb8 Rc2
47. Ba7 g4 48. Rd8 Bg5 49. Kf1 Rc1+ 50. Ke2 h3 51. Bb8 Rc2+ 52. Kf1 Rc4 53. f3
gxf3 54. Kf2 h2 55. Rh8 Rc8 0-1

[Event "World Rapid Women 2021"]
[Site "Warsaw POL"]
[Date "2021.12.26"]
[Round "1.2"]
[White "Goryachkina, Aleksandra"]
[Black "Maisuradze, Nino"]
[Result "1-0"]
[WhiteTitle "GM"]
[BlackTitle "WGM"]
[WhiteElo "2610"]
[BlackElo "2202"]
[WhiteFideId "4147103"]
[BlackFideId "13601717"]
[EventDate "2021.12.26"]

1. d4 Nf6 2. c4 c5 3. d5 e6 4. Nc3 exd5 5. cxd5 d6 6. Nf3 g6 7. Bf4 a6 8. a4 Bg7
9. h3 O-O 10. e3 Re8 11. Nd2 Nh5 12. Bh2 f5 13. Be2 f4 14. O-O fxe3 15. fxe3 Qg5
16. Bxh5 gxh5 17. Nc4 Nd7 18. Bf4 Qg6 19. Nxd6 Rf8 20. Nc4 Nf6 21. Ne5 Qe8 22.
Qb3 Kh8 23. Rad1 Rg8 24. Kh1 h4 25. Nf3 Ne4 26. Nxe4 Qxe4 27. Ng5 Qg6 28. d6 h6
29. Nf7+ Kh7 30. d7 Bd4 31. Rf2 Bxd7 32. exd4 Be6 33. Qxb7 Bxf7 34. Be5 Raf8 35.
Rdf1 1-0

[Event "World Rapid Women 2021"]
[Site "Warsaw POL"]
[Date "2021.12.26"]
[Round "1.3"]
[White "Sandu, Mihaela"]
[Black "Kosteniuk, Alexandra"]
[Result "0-1"]
[WhiteTitle "WGM"]
[BlackTitle "GM"]
[WhiteElo "2269"]
[BlackElo "2516"]
[WhiteFideId "1204327"]
[BlackFideId "4128125"]
[EventDate "2021.12.26"]

1. e4 c6 2. d4 d5 3. e5 c5 4. Nf3 Nc6 5. c4 cxd4 6. Nxd4 e6 7. Nc3 Bc5 8. Nxc6
bxc6 9. cxd5 cxd5 10. b4 Be7 11. a3 f6 12. Bb5+ Kf7 13. O-O Bb7 14. Qh5+ g6 15.
Qe2 fxe5 16. f4 e4 17. Bb2 Nf6 18. Rad1 Qb6+ 19. Kh1 a6 20. Ba4 Rhd8 21. Bc2
Rac8 22. Bb1 h5 23. Rde1 Qc6 24. Rc1 Qb6 25. Rce1 Ng4 26. h3 Nh6 27. f5 Nxf5 28.
Rxf5+ exf5 29. Qd2 d4 30. Ba2+ Kg7 31. Ne2 Bf6 32. Nf4 Rd6 33. Qf2 h4 34. Rf1 e3
35. Qe2 Qb5 36. Qe1 Rc2 0-1

[Event "World Rapid Women 2021"]
[Site "Warsaw POL"]
[Date "2021.12.26"]
[Round "1.4"]
[White "Muzychuk, Mariya"]
[Black "Salimova, Nurgyul"]
[Result "1/2-1/2"]
[WhiteTitle "GM"]
[BlackTitle "IM"]
[WhiteElo "2539"]
[BlackElo "2353"]
[WhiteFideId "14114550"]
[BlackFideId "2915138"]
[EventDate "2021.12.26"]

1. e4 e5 2. Nf3 Nc6 3. Bc4 Bc5 4. c3 Nf6 5. d4 exd4 6. e5 d5 7. Bb5 Ne4 8. cxd4
Bb6 9. Nc3 O-O 10. Be3 Ba5 11. Rc1 f6 12. O-O Bxc3 13. bxc3 Bg4 14. exf6 Qxf6
15. Be2 Rae8 16. Qb3 Qd6 17. Rfe1 Bxf3 18. Bxf3 Na5 19. Qb4 Qxb4 20. cxb4 Nc4
21. a4 a6 22. a5 c6 23. Be2 Ned6 24. Bd3 Re6 25. Bg5 Rfe8 26. Re4 Re5 27. Rxe5
Re6 1/2-1/2

[Event "World Rapid Women 2021"]
[Site "Warsaw POL"]
[Date "2021.12.26"]
[Round "1.5"]
[White "Mamedjarova, Zeinab"]
[Black "Gunina, Valentina"]
[Result "0-1"]
[WhiteTitle "WGM"]
[BlackTitle "GM"]
[WhiteElo "2249"]
[BlackElo "2471"]
[WhiteFideId "13401521"]
[BlackFideId "4167570"]
[EventDate "2021.12.26"]

1. Nf3 d5 2. g3 c6 3. Bg2 Bg4 4. O-O Nd7 5. d4 e6 6. Nbd2 Ngf6 7. Ne5 Nxe5 8.
dxe5 Nd7 9. f4 Qb6+ 10. Kh1 h5 11. h4 Be7 12. c4 f6 13. cxd5 exd5 14. Qc2 O-O-O
15. Bxd5 fxe5 16. Nc4 Qc5 17. Bg2 b5 18. Ne3 Qxc2 19. Nxc2 Bxe2 20. Rf2 Bd3 21.
Bxc6 Nf6 22. fxe5 Ng4 23. Rf7 Rhf8 24. Rxf8 Rxf8 25. Ne3 Bc5 26. Nxg4 Rf1+ 27.
Kh2 hxg4 28. e6 Re1 29. Bd7+ Kb7 0-1

[Event "World Rapid Women 2021"]
[Site "Warsaw POL"]
[Date "2021.12.26"]
[Round "1.6"]
[White "Muzychuk, Anna"]
[Black "Sliwicka, Alicja"]
[Result "1/2-1/2"]
[WhiteTitle "GM"]
[BlackTitle "WIM"]
[WhiteElo "2531"]
[BlackElo "2289"]
[WhiteFideId "14111330"]
[BlackFideId "1150677"]
[EventDate "2021.12.26"]

1. e4 c5 2. Nf3 d6 3. Bb5+ Bd7 4. Bxd7+ Qxd7 5. O-O Nf6 6. Re1 e6 7. c3 Be7 8.
d4 cxd4 9. cxd4 d5 10. Ne5 Qd8 11. exd5 Nxd5 12. Qg4 O-O 13. Nc3 Nf6 14. Qf3 Nc6
15. Nxc6 bxc6 16. Qxc6 Qxd4 17. Be3 Qb4 18. Re2 a5 19. Rd1 Rfc8 20. Qf3 a4 21.
Bd4 Ra5 22. h3 h6 23. Re5 Rxe5 24. Bxe5 a3 25. bxa3 Qxa3 26. Qg3 Ne8 27. Rd7 Bf6
28. Bxf6 Nxf6 29. Rc7 Rd8 30. Kh2 Qa5 31. Rc6 Nd5 32. Nxd5 Qxd5 33. Ra6 Qb7 34.
Ra4 Rd5 35. Rg4 g6 36. a3 Rf5 37. Rb4 Qd5 38. Qc3 Qe5+ 39. Qxe5 Rxe5 40. a4 Re2
41. f3 Ra2 42. h4 h5 43. Kg3 Kg7 44. Rc4 Kf6 45. Rd4 Ke7 46. Rb4 Kf6 47. Rc4 Kg7
48. Rb4 1/2-1/2

[Event "World Rapid Women 2021"]
[Site "Warsaw POL"]
[Date "2021.12.26"]
[Round "1.7"]
[White "Rakhmangulova, Anastasiya"]
[Black "Koneru, Humpy"]
[Result "1/2-1/2"]
[WhiteTitle "WIM"]
[BlackTitle "GM"]
[WhiteElo "2174"]
[BlackElo "2586"]
[WhiteFideId "14117479"]
[BlackFideId "5008123"]
[EventDate "2021.12.26"]

1. e4 e5 2. Nc3 Nf6 3. Bc4 Nc6 4. d3 Bb4 5. Bg5 h6 6. Bh4 g5 7. Bg3 d5 8. exd5
Nxd5 9. Ne2 Bg4 10. O-O Bxc3 11. Bxd5 Bxb2 12. Bxc6+ bxc6 13. Rb1 Bd4 14. c3 Bb6
15. Bxe5 O-O 16. d4 Re8 17. f3 Bf5 18. Kh1 f6 19. Ng3 Bg6 20. f4 fxe5 21. f5 Bf7
22. f6 Re6 23. Qf3 exd4 24. Rbd1 Qd5 25. Qg4 Qd8 26. Qf3 Qd5 27. Qg4 Qe5 28.
cxd4 Qb5 29. Nf5 Kh7 30. Nxh6 Qe2 31. Qxe2 Rxe2 32. Nxf7 Rf8 33. Ne5 Rxa2 34.
Nd7 Rf7 35. Ne5 Rf8 36. Nd7 Rf7 37. Ne5 Rf8 38. Nd7 Rf7 1/2-1/2

[Event "World Rapid Women 2021"]
[Site "Warsaw POL"]
[Date "2021.12.26"]
[Round "1.9"]
[White "Strutinskaia, Galina"]
[Black "Dzagnidze, Nana"]
[Result "0-1"]
[WhiteTitle "WGM"]
[BlackTitle "GM"]
[WhiteElo "2142"]
[BlackElo "2531"]
[WhiteFideId "4108558"]
[BlackFideId "13601903"]
[EventDate "2021.12.26"]

1. e4 c5 2. Nf3 d6 3. d4 cxd4 4. Nxd4 Nf6 5. Nc3 a6 6. h3 e5 7. Nb3 Be7 8. Be3
h6 9. f4 Nbd7 10. g3 Qc7 11. Qf3 b5 12. a3 Bb7 13. Bg2 Rc8 14. O-O a5 15. Rac1
Ba6 16. Rf2 O-O 17. Bf1 a4 18. Nd2 Qa5 19. Rg2 Bd8 20. f5 Bb6 21. g4 Rxc3 22.
bxc3 Qxc3 23. Bxb6 Qxf3 24. Nxf3 Nxb6 25. g5 hxg5 26. Nxg5 Rc8 27. Rd1 d5 28.
exd5 Nfxd5 29. Rgd2 f6 30. Ne4 Ne3 31. Rd8+ Kh7 32. Rxc8 Bxc8 33. Rd6 Nbc4 34.
Rc6 Bxf5 35. Bd3 Bxe4 36. Bxe4+ f5 37. Bd3 e4 38. Be2 Nxa3 39. c3 f4 40. Rc5
Nec4 41. Kf2 Nd2 42. Bxb5 e3+ 43. Ke2 Nxb5 44. Rxb5 a3 45. Ra5 f3+ 0-1

[Event "World Rapid Women 2021"]
[Site "Warsaw POL"]
[Date "2021.12.26"]
[Round "1.10"]
[White "Abdumalik, Zhansaya"]
[Black "Paramzina, Anastasya"]
[Result "0-1"]
[WhiteTitle "GM"]
[BlackTitle "WGM"]
[WhiteElo "2491"]
[BlackElo "2260"]
[WhiteFideId "13703544"]
[BlackFideId "4165012"]
[EventDate "2021.12.26"]

1. d4 Nf6 2. c4 e6 3. Nf3 d5 4. Nc3 Bb4 5. Qa4+ Nc6 6. e3 O-O 7. Bd2 Re8 8. a3
Bd6 9. Qc2 a6 10. h3 dxc4 11. Bxc4 b5 12. Bd3 Bb7 13. Ne4 e5 14. Nxf6+ Qxf6 15.
d5 Ne7 16. Bxh7+ Kh8 17. Be4 Bxd5 18. O-O Bxe4 19. Qxe4 Qf5 20. Qh4+ Qh7 21. e4
Qxh4 22. Nxh4 c5 23. Nf5 Nxf5 24. exf5 e4 25. Rac1 c4 26. Rfe1 Be5 27. Bc3 Rad8
28. Kf1 Bxc3 29. Rxc3 Rd3 30. Re3 Kh7 31. f3 Rd4 32. Kf2 Kh6 33. fxe4 Rexe4 34.
Rxe4 Rxe4 35. g4 Rd4 36. b3 Kg5 37. bxc4 Rxc4 38. Rb3 Kh4 39. Ke2 Rc1 40. Rd3
Rc2+ 41. Ke3 Kxh3 42. Kf4+ Kh4 43. Rd7 Rc4+ 44. Kf3 Rc3+ 45. Kf4 Rxa3 46. Rxf7
Ra4+ 47. Ke5 Rxg4 48. Ra7 b4 49. Rxa6 Kg3 50. Rb6 Kf3 51. Kd5 Ke3 52. Kc5 Kd3
53. f6 gxf6 54. Rxf6 b3 55. Rf2 Kc3 56. Rf3+ Kc2 57. Rf2+ Kb1 58. Kb5 b2 0-1

[Event "World Rapid Women 2021"]
[Site "Warsaw POL"]
[Date "2021.12.26"]
[Round "1.11"]
[White "Heredia Serrano, Carla"]
[Black "Stefanova, Antoaneta"]
[Result "1/2-1/2"]
[WhiteTitle "WGM"]
[BlackTitle "GM"]
[WhiteElo "2121"]
[BlackElo "2469"]
[WhiteFideId "3603687"]
[BlackFideId "2902257"]
[EventDate "2021.12.26"]

1. d4 Nf6 2. Nf3 g6 3. g3 Bg7 4. Bg2 O-O 5. O-O d6 6. Re1 Nbd7 7. e4 e5 8. h3
Re8 9. dxe5 Nxe5 10. Nxe5 dxe5 11. Qe2 c6 12. Nd2 Be6 13. Nf3 Qc7 14. b3 Rad8
15. Bb2 Bc8 16. Rad1 Nd7 17. Qe3 b6 18. h4 Nc5 19. h5 Bg4 20. h6 Bf6 21. Rxd8
Rxd8 22. Ba3 Ne6 23. c3 Qd7 24. Nh2 Bh5 25. Bh3 Bd1 26. f3 Qd2 27. Qxd2 Rxd2 28.
Bc1 Rd8 29. Bxe6 fxe6 30. Kf2 Bc2 31. Ng4 Kf7 32. c4 Bb1 33. Re2 Rd1 34. Be3 Bd3
35. Rd2 Rxd2+ 36. Bxd2 Bb1 37. Bc3 Bxa2 38. Bxe5 Be7 39. Bb8 Bc5+ 40. Ke1 a5 41.
Be5 Be7 42. Bc7 Bc5 43. Ne5+ Kf6 44. Nd7+ Ke7 45. Nxc5 bxc5 46. Kd2 Bxb3 47. Kc3
a4 48. e5 g5 49. Bd6+ Kf7 50. Bxc5 Kg6 51. Bf8 Kf5 52. Bg7 Bd1 53. f4 gxf4 54.
gxf4 Kxf4 55. Bf6 Ke4 56. Bg7 a3 57. Bf6 Be2 58. Kb3 Bxc4+ 59. Kxa3 Kd4 60. Kb2
Bd3 61. Bg7 c5 62. Kc1 c4 63. Bf6 Ke4 64. Kd2 Kf5 65. Kc3 Kg6 1/2-1/2

[Event "World Rapid Women 2021"]
[Site "Warsaw POL"]
[Date "2021.12.26"]
[Round "1.12"]
[White "Atalik, Ekaterina"]
[Black "Fernandez, Maria Florencia"]
[Result "1/2-1/2"]
[WhiteTitle "IM"]
[BlackTitle "WIM"]
[WhiteElo "2420"]
[BlackElo "2229"]
[WhiteFideId "4130189"]
[BlackFideId "116459"]
[EventDate "2021.12.26"]

1. e4 e5 2. Nf3 Nc6 3. Bc4 Nf6 4. d4 exd4 5. O-O Nxe4 6. Re1 d5 7. Bxd5 Qxd5 8.
Nc3 Qf5 9. Nxe4 Be7 10. Nxd4 Nxd4 11. Qxd4 O-O 12. Bd2 c5 13. Qe3 Be6 14. a4
Rfd8 15. Bc3 Bf8 16. Rad1 Bd5 17. Ng3 Qg6 18. Rd2 Bc6 19. Rxd8 Rxd8 20. a5 Qxc2
21. Qg5 Rd1 22. Nf5 Rxe1+ 23. Bxe1 g6 24. Ne7+ Bxe7 25. Qxe7 Qe4 26. Qd8+ Qe8
27. Qd1 Qd7 28. Qe2 Qe6 29. Qxe6 fxe6 30. f3 Kf7 31. Bc3 Ke7 32. Kf2 Kd6 33. Ke3
e5 34. b4 c4 35. h4 Kd5 36. g3 Bd7 37. Bb2 h5 38. Bc3 Bf5 39. Bb2 e4 40. fxe4+
Bxe4 41. Bd4 a6 42. Bc3 Bf5 43. Bd4 Kc6 44. Bc3 Kb5 45. Kd4 Bd3 46. Bd2 b6 47.
axb6 Kxb6 48. Bc3 Kb5 49. Bd2 Bf1 50. Be1 Kc6 51. Ke5 Kb5 52. Kd4 Ka4 53. Kc3
Ka3 54. Bd2 Ka2 55. Bf4 Kb1 56. Be5 Kc1 57. Bf4+ Kd1 58. Be5 Bd3 59. Bf4 Ke2 60.
Be5 Kf3 61. Bd6 Kg4 62. Bf4 Bf1 63. Kd4 Kf5 64. Kc3 Ke4 65. Bc7 Ke3 66. Bf4+ Kf3
67. Bc7 Kg4 68. Bf4 Be2 69. Kd4 Kf5 70. Kc3 Bf1 71. Kd4 Ke6 72. Bc7 Kd7 73. Bf4
Kc6 74. Be5 Kb5 75. Kc3 a5 76. bxa5 Kxa5 77. Bf4 Kb5 78. Be5 Kc5 79. Bf4 Kd5 80.
Bc7 Ke4 81. Bf4 Kf3 82. Be5 Kg4 83. Bf4 Be2 84. Kd4 Kf5 85. Kc3 Ke4 86. Bc7 Bf1
87. Bd6 Kd5 88. Bf4 Ke4 89. Bc7 Kf3 90. Bd6 Bd3 91. Bf4 Kg4 92. Kd4 g5 93. Bxg5
Kxg3 94. Be7 Kf2 95. Kc3 Ke2 96. Bg5 1/2-1/2

[Event "World Rapid Women 2021"]
[Site "Warsaw POL"]
[Date "2021.12.26"]
[Round "1.13"]
[White "Pavlidou, Ekaterini"]
[Black "Javakhishvili, Lela"]
[Result "1-0"]
[WhiteTitle "WIM"]
[BlackTitle "IM"]
[WhiteElo "2203"]
[BlackElo "2479"]
[WhiteFideId "4213262"]
[BlackFideId "13601458"]
[EventDate "2021.12.26"]

1. d4 g6 2. c4 Bg7 3. Nc3 c5 4. d5 Bxc3+ 5. bxc3 f5 6. e4 d6 7. exf5 Bxf5 8. g4
Bc8 9. Bd3 Qa5 10. Bd2 Nd7 11. f4 Ngf6 12. h3 Nb6 13. Nf3 Bd7 14. Ng5 Na4 15.
Qc2 b5 16. cxb5 c4 17. Be2 Qxb5 18. Rb1 Qa5 19. Bf3 Nb6 20. O-O Nfxd5 21. Rfe1
Rg8 22. Ne6 Bxe6 23. Rxe6 O-O-O 24. a4 Nc7 25. Rxe7 Rde8 26. Rbe1 d5 27. f5 Rxe7
28. Rxe7 Qc5+ 29. Re3 Re8 30. Qc1 gxf5 31. Kg2 fxg4 32. Bxg4+ Kb7 33. Rxe8 Nxe8
34. Be3 Qc6 35. a5 Nd7 36. Bd4 Ndf6 37. Bf3 Nc7 38. Qh6 Ne4 39. Qxh7 Ka6 40. Qg8
Ne6 41. Bg4 Nxd4 42. cxd4 c3 43. Qd8 c2 44. Be2+ Qc4 45. Bxc4+ dxc4 46. Qc8+ Kb5
47. Qb7+ Kxa5 48. Qb2 1-0

[Event "World Rapid Women 2021"]
[Site "Warsaw POL"]
[Date "2021.12.26"]
[Round "1.14"]
[White "Shuvalova, Polina"]
[Black "Garcia Martin, Marta"]
[Result "1-0"]
[WhiteTitle "IM"]
[BlackTitle "IM"]
[WhiteElo "2516"]
[BlackElo "2325"]
[WhiteFideId "24171760"]
[BlackFideId "32084030"]
[EventDate "2021.12.26"]

1. e4 e5 2. Nf3 Nc6 3. Bb5 a6 4. Ba4 Nf6 5. O-O Be7 6. d3 d6 7. c4 O-O 8. h3 Nd7
9. Be3 Nc5 10. Bxc6 bxc6 11. Nc3 Ne6 12. d4 exd4 13. Nxd4 Nxd4 14. Bxd4 c5 15.
Be3 Bf6 16. Qd2 Re8 17. f3 Rb8 18. Rad1 Be6 19. b3 Be5 20. Ne2 f5 21. Bg5 Bf6
22. Bxf6 Qxf6 23. exf5 Bxf5 24. Nf4 Re5 25. Nd5 Qg6 26. Rfe1 Rbe8 27. Rxe5 Rxe5
28. Re1 Qe6 29. Rxe5 Qxe5 30. Nxc7 a5 31. Nb5 Bb1 32. Nc3 Bf5 33. Kf2 Kf8 34.
Qe3 Qf6 35. Nd5 Qd4 36. Ke2 Qb2+ 37. Qd2 Qe5+ 38. Kf2 Bb1 39. Nc3 Bf5 40. Qe3
Qf6 41. g4 Bg6 42. Kg3 h5 43. h4 Qd4 44. Qxd4 cxd4 45. Nb5 Bb1 46. Nxd4 hxg4 47.
a4 gxf3 48. Kxf3 Ke7 49. Nc6+ Kd7 50. Nxa5 Kc7 51. b4 Bc2 52. Kf4 Bxa4 53. Kf5
Bc2+ 54. Ke6 g6 55. b5 Kb6 56. Nc6 Kc5 57. Kd7 Bd3 58. Kc7 Bxc4 59. b6 Ba6 60.
Nb8 Bb5 61. b7 1-0

[Event "World Rapid Women 2021"]
[Site "Warsaw POL"]
[Date "2021.12.26"]
[Round "1.16"]
[White "Batsiashvili, Nino"]
[Black "Gaboyan, Susanna"]
[Result "1-0"]
[WhiteTitle "GM"]
[BlackTitle "WIM"]
[WhiteElo "2491"]
[BlackElo "2254"]
[WhiteFideId "13602993"]
[BlackFideId "13303627"]
[EventDate "2021.12.26"]

1. c4 Nf6 2. Nc3 d5 3. cxd5 Nxd5 4. Nf3 g6 5. Qb3 Nb6 6. d4 Bg7 7. e4 O-O 8. Be3
Bg4 9. Rd1 Bxf3 10. gxf3 Nc6 11. d5 Ne5 12. Be2 Qd7 13. h3 f6 14. f4 Nf7 15. h4
h5 16. a4 a5 17. Rg1 Qh3 18. Rxg6 Kh7 19. Rg1 Qxh4 20. Kd2 Qh3 21. Bxh5 Nh6 22.
Rh1 Qd7 23. f5 Rh8 24. Kc1 Qd6 25. Nb5 Qb4 26. Qxb4 axb4 27. Nxc7 Nxa4 28. Nxa8
Rxa8 29. Bg6+ Kg8 30. Bxh6 Nc5 31. Bxg7 Kxg7 32. Rdg1 Nxe4 33. Be8+ Ng5 34. f4 1-0

[Event "World Rapid Women 2021"]
[Site "Warsaw POL"]
[Date "2021.12.26"]
[Round "1.17"]
[White "Balajayeva, Khanim"]
[Black "Girya, Olga"]
[Result "1/2-1/2"]
[WhiteTitle "WGM"]
[BlackTitle "GM"]
[WhiteElo "2376"]
[BlackElo "2416"]
[WhiteFideId "13406396"]
[BlackFideId "4195752"]
[EventDate "2021.12.26"]

1. e4 e5 2. Nf3 Nc6 3. Bc4 Bc5 4. d3 Nf6 5. Nc3 d6 6. Bg5 h6 7. Bxf6 Qxf6 8. Nd5
Qd8 9. c3 Ne7 10. Ne3 Bxe3 11. fxe3 Ng6 12. O-O O-O 13. Qb3 Qe7 14. a4 Rb8 15.
Rf2 Be6 16. Raf1 Bxc4 17. Qxc4 c6 18. g3 Rbd8 19. Qb4 Rd7 20. Nd2 Qe6 21. d4 d5
22. Qb3 Re8 23. exd5 cxd5 24. Qc2 e4 25. Nb3 b6 26. a5 f6 27. axb6 axb6 28. Ra1
Nh8 29. Nc1 Nf7 30. Ne2 Ng5 31. Nf4 Qc6 32. Kg2 Nf3 33. Ne2 Ra7 34. Rff1 Rea8
35. Rab1 Ra2 36. Ng1 Nxg1 37. Kxg1 Qc4 38. Qf2 Qc8 39. Qc2 b5 40. Rf2 Qc4 41.
Qe2 Qxe2 42. Rxe2 Kf7 43. Kf2 Ke6 44. Rd2 f5 45. Ke2 g5 46. Kd1 Ra1 47. Kc2 Rxb1
48. Kxb1 f4 49. gxf4 gxf4 50. exf4 Kf5 51. Kc2 Rg8 52. Re2 Kxf4 53. Kd2 Kf3 54.
Re3+ Kf4 55. Re2 Rg1 56. Rf2+ Kg4 57. Rf6 Rg2+ 58. Ke3 Rxh2 59. Rg6+ Kf5 60. Rd6
Rh3+ 61. Ke2 Kf4 62. Rf6+ Kg5 63. Rd6 Rh2+ 64. Ke3 Rh3+ 65. Ke2 h5 66. Rxd5+ Kf4
67. Rxb5 Rh2+ 68. Kf1 Kf3 69. Rf5+ Ke3 70. d5 Rxb2 71. Rxh5 Kd3 72. d6 Rb1+ 73.
Kg2 Kxc3 74. Rd5 Rb8 75. d7 Rd8 76. Kf2 Kc4 77. Rd1 Kc5 78. Ke3 Kc6 79. Kxe4
Rxd7 1/2-1/2

[Event "World Rapid Women 2021"]
[Site "Warsaw POL"]
[Date "2021.12.26"]
[Round "1.18"]
[White "Kashlinskaya, Alina"]
[Black "Kubicka, Anna"]
[Result "1/2-1/2"]
[WhiteTitle "IM"]
[BlackTitle "WIM"]
[WhiteElo "2490"]
[BlackElo "2266"]
[WhiteFideId "4198026"]
[BlackFideId "1152254"]
[EventDate "2021.12.26"]

1. d4 Nf6 2. c4 e6 3. Nc3 Bb4 4. Qc2 d5 5. a3 Be7 6. Nf3 O-O 7. Bf4 c6 8. e3
Nbd7 9. h3 b6 10. cxd5 exd5 11. Bd3 Re8 12. O-O Nf8 13. Ne5 Bb7 14. Rad1 N6d7
15. Nxd7 Qxd7 16. Bf5 Qd8 17. Rfe1 Bd6 18. Bxd6 Qxd6 19. b4 g6 20. Bd3 a5 21.
Rb1 axb4 22. axb4 Ne6 23. Na4 Ba6 24. Red1 Bxd3 25. Rxd3 b5 26. Nc3 Ra6 27. e4
dxe4 28. Nxe4 Qd8 29. Rbd1 Nf4 30. Rf3 Nd5 31. Nc5 Ra7 32. Qd2 Rae7 33. h4 Qd6 1/2-1/2

[Event "World Rapid Women 2021"]
[Site "Warsaw POL"]
[Date "2021.12.26"]
[Round "1.19"]
[White "Kolaric, Spela"]
[Black "Assaubayeva, Bibisara"]
[Result "0-1"]
[WhiteTitle "WFM"]
[BlackTitle "IM"]
[WhiteElo "2185"]
[BlackElo "2434"]
[WhiteFideId "14607093"]
[BlackFideId "13708694"]
[EventDate "2021.12.26"]

1. d4 Nf6 2. Nf3 g6 3. Bf4 Bg7 4. e3 O-O 5. Be2 d6 6. h3 Nfd7 7. c4 e5 8. Bh2
Nc6 9. O-O e4 10. Nfd2 f5 11. Nc3 Nf6 12. Kh1 Kh8 13. f3 exf3 14. Nxf3 Qe7 15.
d5 Nb4 16. Nb5 Na6 17. Bg1 Ne4 18. Qe1 Bxb2 19. Rb1 Bg7 20. Nbd4 Nac5 21. Bh2
Bd7 22. Qc1 Rae8 23. Qa3 a6 24. Rbe1 g5 25. Ne6 Bxe6 26. dxe6 Qxe6 27. Nd4 Qg6
28. Qc1 Be5 29. Qd1 g4 30. hxg4 Qh6 0-1

[Event "World Rapid Women 2021"]
[Site "Warsaw POL"]
[Date "2021.12.26"]
[Round "1.20"]
[White "Paehtz, Elisabeth"]
[Black "Loskutova, Viktoriya"]
[Result "1-0"]
[WhiteTitle "IM"]
[BlackTitle "WFM"]
[WhiteElo "2507"]
[BlackElo "2100"]
[WhiteFideId "4641833"]
[BlackFideId "34166278"]
[EventDate "2021.12.26"]

1. d4 Nf6 2. c4 e6 3. g3 d5 4. Bg2 Bb4+ 5. Nd2 O-O 6. Nf3 c6 7. O-O b6 8. Qc2
Bb7 9. e4 dxe4 10. Nxe4 Nbd7 11. Ne5 Rc8 12. Nxd7 Nxd7 13. c5 bxc5 14. dxc5 Ba5
15. Rd1 Qe7 16. Nd6 Rb8 17. a3 Ba8 18. Bf4 e5 19. Be3 Nf6 20. Nf5 Qe8 21. b4 Bd8
22. Qe2 Kh8 23. Qa6 Nd5 24. Qxa7 Bf6 25. Nd6 Qe6 26. Re1 Be7 27. Rad1 Rfd8 28.
Qa6 Bxd6 29. cxd6 Rxd6 30. Bc5 Rd7 31. Qc4 Bb7 32. Qh4 Ra8 33. Bh3 f5 34. Qg5
Rf7 35. Bd4 e4 36. Bb2 Ba6 37. Rd4 h6 38. Qd2 Qg6 39. Bg2 Bb7 40. Rc1 Qe6 41.
Rc5 Rd7 42. Qe2 Ba6 43. Qc2 Bb5 44. Bh3 Qf7 45. Qd2 Rd6 46. Rc1 Re8 47. Bg2 Kh7
48. Rd1 Bd3 49. Qc1 Be2 50. Re1 Bb5 51. Qc5 Rg6 52. Bc1 Ra8 53. Red1 Bd3 54. Bb2
Re6 55. Re1 Bb5 56. Rxd5 cxd5 57. Qxb5 Rd6 58. Qc5 Qd7 59. Qd4 Rc6 60. Rd1 Rd8
61. Bh3 Qf7 62. Bxf5+ 1-0

[Event "World Rapid Women 2021"]
[Site "Warsaw POL"]
[Date "2021.12.26"]
[Round "1.21"]
[White "Kamalidenova, Meruert"]
[Black "Danielian, Elina"]
[Result "1-0"]
[WhiteTitle "WIM"]
[BlackTitle "GM"]
[WhiteElo "2351"]
[BlackElo "2441"]
[WhiteFideId "13712802"]
[BlackFideId "13300210"]
[EventDate "2021.12.26"]

1. e4 d6 2. d4 Nf6 3. Nc3 g6 4. Be3 c6 5. a4 Nbd7 6. f3 Bg7 7. Qd2 Qa5 8. Be2 b5
9. Nh3 b4 10. Nd1 c5 11. O-O O-O 12. b3 cxd4 13. Bxd4 e5 14. Bf2 d5 15. exd5
Nxd5 16. Ne3 Nc3 17. Ng5 Nf6 18. Bd3 Bb7 19. Rae1 h6 20. Nc4 Qc7 21. Nxf7 Rxf7
22. Nxe5 Rd8 23. Nxf7 Qxf7 24. Qf4 a5 25. Bc5 Nfd5 26. Qg3 Kh7 27. h4 h5 28. Qg5
Nf4 29. Qxd8 Nxd3 30. Qxd3 Qf6 31. Re7 Ba6 32. Rxg7+ Kxg7 33. Qd7+ Kg8 34. Re1
Ne2+ 35. Rxe2 Bxe2 36. Qe8+ Kh7 37. Qxe2 Qxh4 38. Qe7+ Kg8 39. Qxh4 1-0

[Event "World Rapid Women 2021"]
[Site "Warsaw POL"]
[Date "2021.12.26"]
[Round "1.22"]
[White "Gaponenko, Inna"]
[Black "Yakimova, Mariya"]
[Result "1-0"]
[WhiteTitle "IM"]
[BlackTitle "WFM"]
[WhiteElo "2347"]
[BlackElo "2198"]
[WhiteFideId "14101181"]
[BlackFideId "34188859"]
[EventDate "2021.12.26"]

1. e4 c5 2. c3 d5 3. exd5 Qxd5 4. d4 Nc6 5. Nf3 Bf5 6. Be3 e6 7. Na3 cxd4 8. Nb5
O-O-O 9. Nbxd4 Bc5 10. Qa4 Nxd4 11. Nxd4 Ne7 12. O-O-O Bg4 13. Rd3 a6 14. Nc2
Qf5 15. Bxc5 Rxd3 16. Bxd3 Qxd3 17. Qxg4 Nf5 18. Rd1 1-0

[Event "World Rapid Women 2021"]
[Site "Warsaw POL"]
[Date "2021.12.26"]
[Round "1.23"]
[White "Kiolbasa, Oliwia"]
[Black "Berend, Elvira"]
[Result "1-0"]
[WhiteTitle "WIM"]
[BlackTitle "WGM"]
[WhiteElo "2399"]
[BlackElo "2329"]
[WhiteFideId "1154613"]
[BlackFideId "4000510"]
[EventDate "2021.12.26"]

1. e4 e5 2. Nf3 Nc6 3. Bb5 Nf6 4. d3 Bc5 5. O-O Nd4 6. Nxd4 Bxd4 7. c3 Bb6 8.
Nd2 O-O 9. Nc4 d5 10. Nxb6 axb6 11. exd5 Qxd5 12. Bc4 Qd6 13. Bg5 h6 14. Bh4 c6
15. Re1 b5 16. Bb3 Bg4 17. Qd2 Rad8 18. a4 b4 19. Bc4 bxc3 20. Qxc3 Rfe8 21. Bg3
Nd7 22. a5 Bf5 23. Re3 Qg6 24. b4 e4 25. Bh4 Rc8 26. Rg3 Qh7 27. dxe4 Rxe4 28.
Bd3 Re5 29. Bf6 Nxf6 30. Qxe5 Bxd3 31. Qxf6 Re8 32. Rd1 Bg6 33. Qd4 Bf5 34. Re3
Be6 35. h3 Qc2 36. Rc3 Qa4 37. Rg3 g6 38. Re1 Qb5 39. Re5 Qa4 40. Rd3 Qc2 41.
Rd2 Qc1+ 42. Rd1 Qc2 43. Kh2 Rf8 44. Ree1 Qb3 45. Qb6 Bd5 46. Qxb7 Qb2 47. Qb6
Qf6 48. Rxd5 1-0